Super Mario 64 Worlds By Image - Statistics

General Stats
  • This quiz has been taken 70 times
    24 since last reset
  • The average score is 13 of 18
Answer Stats
Picture Answer % Correct
Bob-omb Battlefield
84%
Jolly Roger Bay
84%
Tick-Tock Clock
84%
Big Boo's Haunt
79%
Cool Cool Mountain
79%
Dire Dire Docks
79%
Rainbow Ride
74%
Tall, Tall Mountain
74%
Tiny-Huge Island
74%
Whomp’s Fortress
74%
Lethal Lava Land
68%
Shifting Sand Land
68%
Wet-Dry World
68%
Hazy Maze Cave
63%
Snowman’s Land
58%
Bowser in the Dark World
53%
Bowser in the Sky
53%
Bowser in the Fire Sea
37%
No matching quizzes found
Score Distribution
Percent of People with Each Score
Percentile by Number Answered
Your Score History
You have not taken this quiz since the last reset